MARC details
| 000 -LEADER |
| fixed length control field |
02724cam a22003135a 4500 |
| 001 - CONTROL NUMBER |
| control field |
18045872 |
| 005 - DATE AND TIME OF LATEST TRANSACTION |
| control field |
20150824102722.0 |
| 008 - FIXED-LENGTH DATA ELEMENTS--GENERAL INFORMATION |
| fixed length control field |
140218t2014 sz a frb 001 0 eng d |
| 020 ## - INTERNATIONAL STANDARD BOOK NUMBER |
| International Standard Book Number |
9783319045122 (alk. paper) |
| 020 ## - INTERNATIONAL STANDARD BOOK NUMBER |
| International Standard Book Number |
3319045121 (alk. paper) |
| 020 ## - INTERNATIONAL STANDARD BOOK NUMBER |
| Cancelled/invalid ISBN |
9783319045139 (ebk.) |
| 040 ## - CATALOGING SOURCE |
| Original cataloging agency |
BTCTA |
| Language of cataloging |
eng |
| Transcribing agency |
BTCTA |
| Modifying agency |
UKMGB |
| -- |
YDXCP |
| -- |
RVE |
| -- |
DLC |
| -- |
EG-ScBUE |
| 082 04 - DEWEY DECIMAL CLASSIFICATION NUMBER |
| Classification number |
621.381045 |
| Item number |
PRO |
| Edition number |
22 |
| 100 1# - MAIN ENTRY--PERSONAL NAME |
| Personal name |
Protopopov, V. V. |
| Fuller form of name |
(Valentin Veniaminovich) |
| 9 (RLIN) |
38146 |
| 245 10 - TITLE STATEMENT |
| Title |
Practical opto-electronics : |
| Remainder of title |
an illustrated guide for the laboratory / |
| Statement of responsibility, etc |
Vladimir Protopopov. |
| 260 ## - PUBLICATION, DISTRIBUTION, ETC. (IMPRINT) |
| Place of publication, distribution, etc |
Cham : |
| Name of publisher, distributor, etc |
Springer, |
| Date of publication, distribution, etc |
c.2014. |
| 300 ## - PHYSICAL DESCRIPTION |
| Extent |
ix, 393 p. : |
| Other physical details |
ill. ; |
| Dimensions |
24 cm. |
| 490 0# - SERIES STATEMENT |
| Series statement |
Springer Series in Optical Sciences, |
| International Standard Serial Number |
0342-4111 ; |
| Volume number/sequential designation |
184 |
| 500 ## - GENERAL NOTE |
| General note |
Index : p.385-393. |
| 504 ## - BIBLIOGRAPHY, ETC. NOTE |
| Bibliography, etc |
Includes bibliographical references. |
| 505 0# - FORMATTED CONTENTS NOTE |
| Formatted contents note |
Optical elements -- Light sources -- Photodetectors -- Polarization optics -- Interferometers -- Fiber optics -- Opto-electronic receivers -- Modulation techniques -- Magneto-optics -- Spectrometers and monochromators -- Beam alignment and steering techniques -- Scanning stages and motors -- Imaging techniques -- Data acquisition - National Instruments DAQ technology -- Beam propagation. |
| 520 ## - SUMMARY, ETC. |
| Summary, etc |
This book explains how to create opto-electronic systems in a most efficient way, avoiding typical mistakes. It covers light detection techniques, imaging, interferometry, spectroscopy, modulation-demodulation, heterodyning, beam steering, and many other topics common to laboratory applications. The focus is made on self-explanatory figures rather than on words. The book guides the reader through the entire process of creating problem-specific opto-electronic systems, starting from optical source, through beam transportation optical arrangement, to photodetector and data acquisition system. The relevant basics of beam propagation and computer-based raytracing routines are also explained, and sample codes are listed. The book teaches important know-how and practical tricks that are never disclosed in scientific publications. The book can become the reader's personal adviser in the world of opto-electronics and navigator in the ocean of the market of optical components and systems. Succinct, well-illustrated, and clearly written, this book is helpful for students, postgraduates, engineers and researches working not only in the field of applied optics but also in high-tech industry, information technology, medicine, biology and other domains.-- |
| 650 #7 - SUBJECT ADDED ENTRY--TOPICAL TERM |
| Topical term or geographic name as entry element |
Optoelectronics. |
| Source of heading or term |
BUEsh |
| 9 (RLIN) |
10806 |
| 651 ## - SUBJECT ADDED ENTRY--GEOGRAPHIC NAME |
| Source of heading or term |
BUEsh |
| 653 ## - INDEX TERM--UNCONTROLLED |
| Resource For college |
Engineering, Electrical |
| -- |
Engineering, General |
| Arrived date list |
June2014 |
| 655 ## - INDEX TERM--GENRE/FORM |
| Form subdivision |
|
| -- |
34232 |
| 830 #0 - SERIES ADDED ENTRY--UNIFORM TITLE |
| Uniform title |
Springer series in optical sciences ; |
| Volume number/sequential designation |
184. |
| 9 (RLIN) |
5751 |
| 942 ## - ADDED ENTRY ELEMENTS (KOHA) |
| Source of classification or shelving scheme |
Dewey Decimal Classification |